NCAA Women's Basketball Champions Sudden Death - Statistics

General Stats
  • This quiz has been taken 244 times
    38 since last reset
  • The average score is 7 of 15
Answers on the Grid
Answers color-coded by a green-red scale on the quiz's grid according to % correct below.
South Carolina
Iowa
LSU
Duke
UConn
Arizona
Baylor
Old Dominion
Kentucky
Virginia Tech
Notre Dame
Tennessee
Texas A&M
Florida
Purdue
Ohio St
North Carolina
Texas Tech
Cheyney
USC
UCLA
Texas
Georgia
Michigan St
Western Kentucky
Louisiana Tech
Virginia
Auburn
Louisville
Syraucse
 
Answer Stats
Answer % Correct
South Carolina
91%
LSU
73%
UConn
64%
Baylor
59%
UCLA
55%
Notre Dame
45%
Tennessee
45%
Texas
41%
Louisiana Tech
36%
USC
36%
North Carolina
32%
Old Dominion
32%
Texas A&M
32%
Purdue
23%
Texas Tech
23%
No matching quizzes found
Score Distribution
Percent of People with Each Score
Percentile by Number Answered
Your Score History
You have not taken this quiz since the last reset